000 00310nam a2200121Ia 4500
008 220216s9999 xx 000 0 und d
100 _aMenon P K B
245 0 _aStructure and identification of Malayan woods
260 _bMalayan Forest REcords
_c2004
300 _a123
500 _aCAB CD 2005
942 _cBO
999 _c47922
_d47922